Open Data Biblioteca Nacional de Portugal


República Portuguesa: Ministério da Cultura
Biblioteca Nacional de Portugal

Catálogo da BNP: acesso por Identificadores Unívocos
Registos Bibliográficos associados ao registo de autoridade

Etiqueta de registo: 00254nbm 2200025 450
001 2284281
003 http://id.bnportugal.gov.pt/bib/catbnp/2284281
100 ## $a20260415f17751800k y0pory01030103ba
101 0# $aitalat
105 ## $ay z 000yy
106 ## $ah
200 1# $aInstrucçoens ou Commentos dos Estatutos da Sagrada Religiaõ Gerosolimitana$fPello Capellaõ Conventual Commendador Fr[ei] Antonio Micallef D[out]or Professor em Direito e Mestre da Universidade e Collegio da mesma Sagr[a]da Religiaõ na ilha de Malta$bManuscrito]
210 #1 $d[1775-1800]
215 ## $a[99] f., enc.$d31 cm
300 ## $aCópia uniforme
304 ## $aTexto em italiano
304 ## $aTítulo retirado do rótulo da encadernação
307 ## $aRegramento a ponta seca
307 ## $aManchas de humidade; marcas da acção dos insectos; aparado
307 ## $aEncadernação em pastas de cartão revestidas a papel
316 ## $aCota antiga: U-5-5
700 #1 $aMicallef,$bAntonio,$f1725-1809$31995573
712 02 $aOrdem Soberana Militar e Hospitalária de São João de Jerusalém de Rodes, Malta$4100$313223
801 #0 $aPT$bBN$gRPC
966 ## $lBN$mRESMAN$sCOD. 6925
971 ## $cipires$d20260414

OpendataBNP@bnportugal.pt | Mais informação sobre acesso aos dados BNP